Automated field survey data collection system / (Record no. 547787)
[ view plain ]
| 000 -LEADER | |
|---|---|
| fixed length control field | 01125cam a2200241 a 4500 |
| 020 ## - INTERNATIONAL STANDARD BOOK NUMBER | |
| International Standard Book Number | 0309045649 (pbk.) : |
| 082 00 - DEWEY DECIMAL CLASSIFICATION NUMBER | |
| Classification number | 625.85 |
| Author Mark | HEN |
| 100 1# - MAIN ENTRY--PERSONAL NAME | |
| Personal name | Henry, Hubert A. |
| 9 (RLIN) | 43909 |
| 245 10 - TITLE STATEMENT | |
| Title | Automated field survey data collection system / |
| Statement of responsibility, etc. | Hubert A. Henry and Leonard O. Moser ; Frank F. Cooper. |
| 260 ## - PUBLICATION, DISTRIBUTION, ETC. | |
| Place of publication, distribution, etc. | Washington, D.C. : |
| Name of publisher, distributor, etc. | Transportation Research Board, National Research Council, |
| Date of publication, distribution, etc. | [1987] |
| 300 ## - PHYSICAL DESCRIPTION | |
| Extent | 107 p. : |
| Other physical details | ill., forms ; |
| Dimensions | 28 cm. |
| 490 1# - SERIES STATEMENT | |
| Series statement | National Cooperative Highway Research Program report, |
| 500 ## - GENERAL NOTE | |
| General note | "Areas of interest: facilities design, pavement design and performance (highway transportation)." |
| 500 ## - GENERAL NOTE | |
| General note | "Research sponsored by the American Association of State Highway and Transportation Officials in cooperation with the Federal Highway Administration." |
| 500 ## - GENERAL NOTE | |
| General note | "September 1987." |
| 526 ## - STUDY PROGRAM INFORMATION NOTE | |
| Program name | 0 |
| Interest level | 0 |
| Reading level | 0 |
| Title point value | 625_850000000000000_HEN |
| 650 #0 - SUBJECT ADDED ENTRY--TOPICAL TERM | |
| Topical term or geographic name entry element | Automatic data collection systems. |
| 9 (RLIN) | 3358 |
| 650 #0 - SUBJECT ADDED ENTRY--TOPICAL TERM | |
| Topical term or geographic name entry element | MCE |
| 9 (RLIN) | 379 |
| 650 #0 - SUBJECT ADDED ENTRY--TOPICAL TERM | |
| Topical term or geographic name entry element | Roads |
| General subdivision | Design and construction |
| -- | Data processing. |
| 9 (RLIN) | 21812 |
| 700 1# - ADDED ENTRY--PERSONAL NAME | |
| Personal name | Cooper, Frank F. |
| 9 (RLIN) | 43910 |
| 700 1# - ADDED ENTRY--PERSONAL NAME | |
| Personal name | Moser, Leonard O. |
| 9 (RLIN) | 43911 |
| 942 ## - ADDED ENTRY ELEMENTS (KOHA) | |
| Source of classification or shelving scheme | |
| Koha item type | Book |
| Withdrawn status | Lost status | Source of classification or shelving scheme | Damaged status | Not for loan | Permanent Location | Current Location | Date acquired | Total Checkouts | Full call number | Barcode | Date last seen | Price effective from | Koha item type |
|---|---|---|---|---|---|---|---|---|---|---|---|---|---|
| Military College of Engineering (MCE) | Military College of Engineering (MCE) | 08/06/2014 | 625.85 HEN | MCE-42113 | 08/06/2014 | 08/06/2014 | Book |
